000 00691nam0a22002411 4500
001 rc\2848850
005 20250529204136.0
035 _a(NLR Aleph) 007004194
090 _a5751204
_c5751204
100 _a20110704d1931 |||y0rusy50 ca
101 0 _arus
102 _aRU
105 _aa z |||||
200 1 _aКультура семян сахарной свеклы
210 _aМосква
_aЛенинград
_cСельколхозгиз
_d1931
215 _a64 с.
_cил.
_d24 см
700 1 _aПолянский
_bЗ.А.
701 1 _aХренников
_bЕ.Б.
801 0 _aRU
_bNLR
_gpsbo
801 1 _aRU
_bELAR
_2rusmarc
852 _aNLR
_j32-11/322
942 _cBOOK
980 _aNB